000 00755nam a2200229Ia 4500
005 20160224124330.0
008 130821s2009 xxua gr eng
020 _a9780123745071 (2a.Ed.)
020 _a9780124262973 (1a.Ed.)
040 _aCo-BoUCM
_bspa
_cSandra Palacio (modificó)
_dSandra Palacio
041 0 0 _aeng
100 1 _aKrishna, Vijay
_975814
245 1 0 _aAuction theory
_cVijay Krishna
250 _a2nd ed
260 _aSan Diego (California, Estados Unidos)
_bElsevier Academic Press
_cc2010
300 _axi, 303 páginas
_bilustraciones
650 0 4 _aComercio
_911192
650 0 4 _aSubastas
_9106
690 _aEconomía
_9174
942 _a7
_e2
_mK927a
_cLIBRORESER
_2DEWEY
_h381.17
999 _c62177
_d62177